Environment and the developing world : principles, policies, and management

Bibliographic Details
Main Author: GUPTA
Other Authors: Asher
Format: Book
Published: Chichester ; New York : Wiley , 1998
Subjects:

MARC

LEADER 00000cam a2200000 7i4500
001 0000002053
005 20020917.0
020 0 0 |a 0471983381 
090 0 0 |a 363.70091724   |b GUP 1998 
100 1 0 |a GUPTA   |h Avijit 
245 1 0 |a Environment and the developing world :   |b principles, policies, and management   |c Avijit Gupta and Mukul G. Asher 
260 0 0 |a Chichester ; New York :   |b Wiley ,   |c 1998 
300 |a x, 360 p. :   |b ill., maps ;   |c 25 cm. 
500 0 0 |a Includes bibliography: (p. [333]-344) and index 
650 0 0 |a Developing countries   |x Economic policy 
650 0 0 |a Environmental policy   |x Developing countries 
650 0 0 |a Environmental policy   |x Tropics 
650 0 0 |a Tropics   |x Economic policy 
650 0 0 |a Tropics   |x Environmental conditions 
700 0 1 |a Asher   |h Mukul G. 
998 |a JPSM 
999 |a 0000003417   |b Monograph   |c Open Shelf   |e Default branch